Human baggage (Record no. 117753)
[ view plain ]
| 000 -LEADER | |
|---|---|
| fixed length control field | 01329cam a2200241 4500 |
| 001 - CONTROL NUMBER | |
| control field | ABS68028 |
| 008 - FIXED-LENGTH DATA ELEMENTS--GENERAL INFORMATION | |
| fixed length control field | 040722n2004 000 0 eng u |
| 035 ## - SYSTEM CONTROL NUMBER | |
| System control number | (Sirsi) u126901 |
| 100 ## - MAIN ENTRY--PERSONAL NAME | |
| Personal name | Johnstone, F. |
| 245 ## - TITLE STATEMENT | |
| Title | Human baggage |
| 260 ## - PUBLICATION, DISTRIBUTION, ETC. | |
| Date of publication, distribution, etc. | 2004 |
| 490 ## - SERIES STATEMENT | |
| Series statement | Estates Gazette |
| Volume/sequential designation | (0428) 10 July 2004, 172-173(2) |
| 520 ## - SUMMARY, ETC. | |
| Summary, etc. | Discusses the effects of the Transfer of Undertakings (Protection of Employment) Regulations 1981 (TUPE) which implement the acquired rights directive (Directive 77/187/EEC). The regulations govern the transfer of employees contracts in the undertaking to the successor employer. Points out when TUPE applies and that "Schmidt v Spar und Leihkasse der Fruheren Amter Bordesholm Kiel und Cronshagen" (C392/92, [1994] IRLR 302) should be considered. Further, gives questions and answers to various points on this issue such as the effects of a transfer on employment contracts and the effect on TUPE law of individual cases. |
| 590 ## - LOCAL NOTE (RLIN) | |
| Local note | ABS |
| 590 ## - LOCAL NOTE (RLIN) | |
| Local note | ABS |
| 650 ## - SUBJECT ADDED ENTRY--TOPICAL TERM | |
| Topical term or geographic name entry element | TRANSFER OF UNDERTAKINGS PROTECTION OF EMPLOYMENT REGULATIONS |
| 650 ## - SUBJECT ADDED ENTRY--TOPICAL TERM | |
| Topical term or geographic name entry element | DIRECTIVE 77/187/EEC |
| 650 ## - SUBJECT ADDED ENTRY--TOPICAL TERM | |
| Topical term or geographic name entry element | Property management |
| 9 (RLIN) | 6262 |
| 650 ## - SUBJECT ADDED ENTRY--TOPICAL TERM | |
| Topical term or geographic name entry element | OUTSOURCING |
| 650 ## - SUBJECT ADDED ENTRY--TOPICAL TERM | |
| Topical term or geographic name entry element | SCHMIDT V SPAR UND LEIHKASSE DER FRUHEREN AMER BORDESHOLM KIEL UND CRONSHAGEN |
| 690 ## - LOCAL SUBJECT ADDED ENTRY--TOPICAL TERM (OCLC, RLIN) | |
| Topical term or geographic name as entry element | FACILITIES MANAGEMENT |
| 9 (RLIN) | 6240 |
| 942 ## - ADDED ENTRY ELEMENTS (KOHA) | |
| Suppress in OPAC | 0 |
| Withdrawn status | Lost status | Source of classification or shelving scheme | Damaged status | Not for loan | Home library | Current library | Shelving location | Date acquired | Total Checkouts | Full call number | Barcode | Date last seen | Copy number | Price effective from | Koha item type |
|---|---|---|---|---|---|---|---|---|---|---|---|---|---|---|---|
| Dewey Decimal Classification | London | London | Journal article | 22/07/2004 | ABS68028 | 126901-1001 | 06/08/2019 | 1 | 06/08/2019 | Journal article |